[Event "DEM U8 2025"]
[Site "Willingen GER"]
[Date "2025.06.12"]
[Round "4"]
[White "Öngün, Magnus"]
[Black "Liu, Yining"]
[Result "0-1"]
[Termination "normal"]
[Board "5"]
[WhiteElo "1165"]
[BlackElo "1677"]
[WhiteClock "00:22:03"]
[BlackClock "00:21:26"]
[PlyCount "136"]
[WhiteFideId "533004978"]
[BlackFideId "8655049"]
[EventCountry "GER"]
[EventRounds "7"]
[EventType "swiss"]
[EventDate "2025.06.10"]

1. d4 {[%clk 01:00:16]} {[%emt 00:00:14]} Nf6 {[%clk 01:00:23]} {[%emt
00:00:07]} 2. Nf3 {[%clk 01:00:10]} {[%emt 00:00:21]} g6 {[%clk 01:00:29]}
{[%emt 00:00:09]} 3. Nc3 {[%clk 01:00:01]} {[%emt 00:00:24]} d5 {[%clk
01:00:06]} {[%emt 00:00:38]} 4. Bf4 {[%clk 00:59:55]} {[%emt 00:00:21]} c6
{[%clk 00:59:46]} {[%emt 00:00:36]} 5. e3 {[%clk 00:59:54]} {[%emt 00:00:15]}
Bg7 {[%clk 00:59:02]} {[%emt 00:00:59]} 6. Be2 {[%clk 00:59:58]} {[%emt
00:00:10]} Nbd7 {[%clk 00:57:28]} {[%emt 00:01:49]} 7. O-O {[%clk 00:58:57]}
{[%emt 00:01:17]} O-O {[%clk 00:55:41]} {[%emt 00:02:01]} 8. Ne5 {[%clk
00:56:31]} {[%emt 00:02:41]} Ne8 {[%clk 00:51:25]} {[%emt 00:04:32]} 9. Ng4
{[%clk 00:54:49]} {[%emt 00:01:54]} f5 {[%clk 00:50:21]} {[%emt 00:01:23]} 10.
Ne5 {[%clk 00:54:03]} {[%emt 00:01:01]} Nxe5 {[%clk 00:49:23]} {[%emt
00:01:13]} 11. Bxe5 {[%clk 00:53:08]} {[%emt 00:01:10]} Nf6 {[%clk 00:47:33]}
{[%emt 00:02:05]} 12. f3 {[%clk 00:49:02]} {[%emt 00:04:21]} Nh5 {[%clk
00:46:04]} {[%emt 00:01:43]} 13. Bxg7 {[%clk 00:48:00]} {[%emt 00:01:17]} Kxg7
{[%clk 00:45:17]} {[%emt 00:01:02]} 14. e4 {[%clk 00:47:53]} {[%emt 00:00:21]}
f4 {[%clk 00:44:37]} {[%emt 00:00:56]} 15. e5 {[%clk 00:47:11]} {[%emt
00:00:56]} Bf5 {[%clk 00:43:49]} {[%emt 00:01:04]} 16. Bd3 {[%clk 00:46:30]}
{[%emt 00:00:56]} Bxd3 {[%clk 00:43:52]} {[%emt 00:00:11]} 17. Qxd3 {[%clk
00:46:31]} {[%emt 00:00:14]} e6 {[%clk 00:43:51]} {[%emt 00:00:17]} 18. Rae1
{[%clk 00:44:17]} {[%emt 00:02:28]} Ng3 {[%clk 00:42:06]} {[%emt 00:02:01]} 19.
hxg3 {[%clk 00:42:00]} {[%emt 00:02:31]} fxg3 {[%clk 00:42:09]} {[%emt
00:00:13]} 20. f4 {[%clk 00:41:15]} {[%emt 00:01:00]} Qh4 {[%clk 00:42:07]}
{[%emt 00:00:17]} 21. Rf3 {[%clk 00:41:20]} {[%emt 00:00:10]} Qh2+ {[%clk
00:42:09]} {[%emt 00:00:13]} 22. Kf1 {[%clk 00:41:15]} {[%emt 00:00:20]} Qh1+
{[%clk 00:42:10]} {[%emt 00:00:15]} 23. Ke2 {[%clk 00:41:19]} {[%emt 00:00:10]}
Qxg2+ {[%clk 00:42:20]} {[%emt 00:00:05]} 24. Kd1 {[%clk 00:41:20]} {[%emt
00:00:13]} Qh2 {[%clk 00:41:01]} {[%emt 00:01:33]} 25. Rxg3 {[%clk 00:40:28]}
{[%emt 00:01:08]} Rxf4 {[%clk 00:40:52]} {[%emt 00:00:25]} 26. Rh3 {[%clk
00:38:25]} {[%emt 00:02:18]} Qg2 {[%clk 00:40:18]} {[%emt 00:00:50]} 27. Reh1
{[%clk 00:37:11]} {[%emt 00:01:25]} h5 {[%clk 00:39:10]} {[%emt 00:01:26]} 28.
Ne2 {[%clk 00:34:48]} {[%emt 00:02:36]} Rf1+ {[%clk 00:35:35]} {[%emt
00:03:52]} 29. Rxf1 {[%clk 00:34:55]} {[%emt 00:00:08]} Qxf1+ {[%clk 00:35:45]}
{[%emt 00:00:05]} 30. Kd2 {[%clk 00:34:55]} {[%emt 00:00:15]} Rf8 {[%clk
00:34:29]} {[%emt 00:01:30]} 31. Rg3 {[%clk 00:34:14]} {[%emt 00:00:56]} Rf5
{[%clk 00:32:12]} {[%emt 00:02:33]} 32. Qb3 {[%clk 00:31:14]} {[%emt 00:03:16]}
h4 {[%clk 00:30:01]} {[%emt 00:02:26]} 33. Rh3 {[%clk 00:29:57]} {[%emt
00:01:32]} g5 {[%clk 00:29:39]} {[%emt 00:00:38]} 34. Qxb7+ {[%clk 00:29:30]}
{[%emt 00:00:41]} Rf7 {[%clk 00:28:41]} {[%emt 00:01:13]} 35. Qb3 {[%clk
00:29:19]} {[%emt 00:00:25]} Rf2 {[%clk 00:28:13]} {[%emt 00:00:43]} 36. Qe3
{[%clk 00:29:10]} {[%emt 00:00:25]} Rxe2+ {[%clk 00:28:11]} {[%emt 00:00:17]}
37. Qxe2 {[%clk 00:28:53]} {[%emt 00:00:32]} Qxh3 {[%clk 00:28:22]} {[%emt
00:00:04]} 38. Qa6 {[%clk 00:27:40]} {[%emt 00:01:27]} Qg2+ {[%clk 00:27:41]}
{[%emt 00:00:55]} 39. Kc3 {[%clk 00:27:34]} {[%emt 00:00:23]} Qg3+ {[%clk
00:26:57]} {[%emt 00:00:59]} 40. Kb4 {[%clk 00:27:38]} {[%emt 00:00:11]} h3
{[%clk 00:25:19]} {[%emt 00:01:53]} 41. Qxc6 {[%clk 00:26:44]} {[%emt
00:01:08]} h2 {[%clk 00:24:19]} {[%emt 00:01:16]} 42. Qd7+ {[%clk 00:26:33]}
{[%emt 00:00:26]} Kh6 {[%clk 00:24:23]} {[%emt 00:00:10]} 43. Qxe6+ {[%clk
00:26:40]} {[%emt 00:00:09]} Kh5 {[%clk 00:24:27]} {[%emt 00:00:12]} 44. Qf7+
{[%clk 00:26:42]} {[%emt 00:00:12]} Kh4 {[%clk 00:23:53]} {[%emt 00:00:48]} 45.
Qh7 {[%clk 00:26:14]} {[%emt 00:00:43]} Kg4 {[%clk 00:23:57]} {[%emt 00:00:12]}
46. Qd7 {[%clk 00:26:17]} {[%emt 00:00:12]} Kf4 {[%clk 00:23:30]} {[%emt
00:00:42]} 47. Qxd5 {[%clk 00:25:15]} {[%emt 00:01:16]} Qe1+ {[%clk 00:23:27]}
{[%emt 00:00:19]} 48. c3 {[%clk 00:25:09]} {[%emt 00:00:21]} h1=Q {[%clk
00:23:36]} {[%emt 00:00:06]} 49. Qf7 {[%clk 00:25:05]} {[%emt 00:00:19]} Kg3
{[%clk 00:23:36]} {[%emt 00:00:15]} 50. e6 {[%clk 00:24:55]} {[%emt 00:00:24]}
Qhe4 {[%clk 00:23:07]} {[%emt 00:00:44]} 51. Qc7+ {[%clk 00:24:51]} {[%emt
00:00:19]} Kg2 {[%clk 00:22:50]} {[%emt 00:00:33]} 52. Qc5 {[%clk 00:24:23]}
{[%emt 00:00:42]} g4 {[%clk 00:22:16]} {[%emt 00:00:49]} 53. Qxa7 {[%clk
00:23:09]} {[%emt 00:01:29]} Qxe6 {[%clk 00:22:06]} {[%emt 00:00:26]} 54. Qb7+
{[%clk 00:23:12]} {[%emt 00:00:12]} Q1e4 {[%clk 00:22:04]} {[%emt 00:00:17]}
55. Qxe4+ {[%clk 00:22:46]} {[%emt 00:00:41]} Qxe4 {[%clk 00:22:11]} {[%emt
00:00:08]} 56. Kc5 {[%clk 00:22:25]} {[%emt 00:00:35]} Qe7+ {[%clk 00:21:47]}
{[%emt 00:00:39]} 57. Kc6 {[%clk 00:22:27]} {[%emt 00:00:14]} Kf3 {[%clk
00:21:52]} {[%emt 00:00:11]} 58. d5 {[%clk 00:22:30]} {[%emt 00:00:11]} Ke4
{[%clk 00:21:16]} {[%emt 00:00:51]} 59. d6 {[%clk 00:22:35]} {[%emt 00:00:09]}
Qd8 {[%clk 00:21:24]} {[%emt 00:00:08]} 60. b4 {[%clk 00:22:25]} {[%emt
00:00:26]} Ke5 {[%clk 00:21:28]} {[%emt 00:00:10]} 61. d7 {[%clk 00:22:21]}
{[%emt 00:00:19]} Ke6 {[%clk 00:21:22]} {[%emt 00:00:22]} 62. b5 {[%clk
00:22:24]} {[%emt 00:00:11]} Qxd7+ {[%clk 00:21:27]} {[%emt 00:00:10]} 63. Kb6
{[%clk 00:22:20]} {[%emt 00:00:19]} g3 {[%clk 00:21:27]} {[%emt 00:00:16]} 64.
Ka6 {[%clk 00:22:26]} {[%emt 00:00:09]} g2 {[%clk 00:21:20]} {[%emt 00:00:21]}
65. a4 {[%clk 00:22:31]} {[%emt 00:00:10]} g1=Q {[%clk 00:21:26]} {[%emt
00:00:09]} 66. a5 {[%clk 00:22:33]} {[%emt 00:00:13]} Qgg7 {[%clk 00:21:13]}
{[%emt 00:00:27]} 67. b6 {[%clk 00:22:00]} {[%emt 00:00:49]} Qd3+ {[%clk
00:21:19]} {[%emt 00:00:09]} 68. c4 {[%clk 00:22:03]} {[%emt 00:00:12]} Qxc4#
{[%clk 00:21:26]} {[%emt 00:00:09]} 0-1

[Event "DEM U8 2025"]
[Site "Willingen GER"]
[Date "2025.06.12"]
[Round "4"]
[White "Keleti, Hugó"]
[Black "Mâallem, Mats"]
[Result "1-0"]
[Termination "normal"]
[Board "6"]
[WhiteElo "1379"]
[BlackElo "1157"]
[WhiteClock "00:40:25"]
[BlackClock "00:40:06"]
[PlyCount "133"]
[WhiteFideId "533043680"]
[EventCountry "GER"]
[EventRounds "7"]
[EventType "swiss"]
[EventDate "2025.06.10"]

1. c4 {[%clk 01:00:27]} {[%emt 00:00:03]} e5 {[%clk 01:00:23]} {[%emt
00:00:07]} 2. g3 {[%clk 01:00:33]} {[%emt 00:00:09]} Nf6 {[%clk 01:00:25]}
{[%emt 00:00:14]} 3. Bg2 {[%clk 01:00:40]} {[%emt 00:00:07]} Be7 {[%clk
01:00:14]} {[%emt 00:00:26]} 4. Nc3 {[%clk 01:00:39]} {[%emt 00:00:16]} d6
{[%clk 01:00:19]} {[%emt 00:00:10]} 5. e3 {[%clk 01:00:19]} {[%emt 00:00:35]}
O-O {[%clk 01:00:17]} {[%emt 00:00:17]} 6. Nge2 {[%clk 01:00:23]} {[%emt
00:00:11]} Bg4 {[%clk 01:00:07]} {[%emt 00:00:25]} 7. h3 {[%clk 01:00:04]}
{[%emt 00:00:34]} Be6 {[%clk 01:00:07]} {[%emt 00:00:15]} 8. b3 {[%clk
00:59:49]} {[%emt 00:00:31]} Qd7 {[%clk 01:00:02]} {[%emt 00:00:19]} 9. Bxb7
{[%clk 00:59:56]} {[%emt 00:00:08]} Nc6 {[%emt 00:00:40]} 10. Bxa8 {[%clk
00:58:38]} {[%emt 00:01:30]} Rxa8 {[%clk 00:59:50]} {[%emt 00:00:05]} 11. h4
{[%clk 00:58:30]} {[%emt 00:00:23]} Bf5 {[%clk 00:59:35]} {[%emt 00:00:30]} 12.
e4 {[%clk 00:58:07]} {[%emt 00:00:39]} Nxe4 {[%clk 00:59:22]} {[%emt 00:00:28]}
13. O-O {[%clk 00:57:49]} {[%emt 00:00:32]} Nf6 {[%clk 00:59:17]} {[%emt
00:00:20]} 14. d4 {[%clk 00:57:00]} {[%emt 00:01:04]} Bg4 {[%clk 00:58:09]}
{[%emt 00:01:23]} 15. f3 {[%clk 00:55:07]} {[%emt 00:02:08]} Bh3 {[%clk
00:57:04]} {[%emt 00:01:20]} 16. Rf2 {[%clk 00:54:53]} {[%emt 00:00:29]} Qc8
{[%emt 00:01:30]} 17. Kh2 {[%clk 00:52:37]} {[%emt 00:01:32]} Bd7 {[%clk
00:56:27]} {[%emt 00:00:32]} 18. d5 {[%emt 00:00:57]} Nd8 {[%clk 00:55:58]}
{[%emt 00:00:41]} 19. Be3 {[%clk 00:50:43]} {[%emt 00:01:35]} c6 {[%clk
00:55:08]} {[%emt 00:01:05]} 20. Rc1 {[%clk 00:48:09]} {[%emt 00:02:48]} Qa6
{[%clk 00:53:41]} {[%emt 00:01:42]} 21. Kg2 {[%clk 00:46:50]} {[%emt 00:01:34]}
cxd5 {[%clk 00:53:10]} {[%emt 00:00:47]} 22. cxd5 {[%clk 00:46:03]} {[%emt
00:01:01]} Rc8 {[%clk 00:49:46]} {[%emt 00:03:39]} 23. Qd2 {[%clk 00:45:32]}
{[%emt 00:00:47]} Bf5 {[%clk 00:48:12]} {[%emt 00:01:49]} 24. Rh1 {[%clk
00:44:54]} {[%emt 00:00:53]} Qd3 {[%clk 00:47:44]} {[%emt 00:00:43]} 25. Qxd3
{[%clk 00:44:04]} {[%emt 00:01:03]} Bxd3 {[%clk 00:47:50]} {[%emt 00:00:10]}
26. Rc1 {[%clk 00:43:28]} {[%emt 00:00:50]} Bxe2 {[%clk 00:46:03]} {[%emt
00:02:03]} 27. Rxe2 {[%clk 00:42:08]} {[%emt 00:01:36]} Nb7 {[%clk 00:44:19]}
{[%emt 00:01:58]} 28. Ne4 {[%clk 00:40:49]} {[%emt 00:01:35]} Rxc1 {[%clk
00:43:58]} {[%emt 00:00:35]} 29. Nxf6+ {[%clk 00:40:58]} {[%emt 00:00:07]} Bxf6
{[%clk 00:44:03]} {[%emt 00:00:10]} 30. Bxc1 {[%clk 00:41:04]} {[%emt
00:00:08]} Kf8 {[%clk 00:43:53]} {[%emt 00:00:24]} 31. Kh3 {[%clk 00:41:04]}
{[%emt 00:00:16]} g6 {[%clk 00:43:48]} {[%emt 00:00:20]} 32. g4 {[%clk
00:40:57]} {[%emt 00:00:21]} Nc5 {[%clk 00:42:14]} {[%emt 00:01:50]} 33. Bh6+
{[%clk 00:38:51]} Ke7 {[%clk 00:41:45]} {[%emt 00:03:05]} 34. f4 {[%clk
00:38:47]} Kd7 {[%clk 00:41:31]} {[%emt 00:00:47]} 35. f5 Nd3 {[%clk 00:41:31]}
36. Kg3 {[%emt 00:04:05]} Nf4 37. Bxf4 {[%clk 00:36:46]} {[%emt 00:00:33]}
exf4+ {[%clk 00:39:27]} {[%emt 00:00:58]} 38. Kxf4 {[%clk 00:36:55]} {[%emt
00:00:06]} h6 {[%clk 00:39:22]} {[%emt 00:00:20]} 39. fxg6 {[%emt 00:00:31]}
fxg6 {[%clk 00:39:24]} {[%emt 00:00:10]} 40. g5 {[%clk 00:36:50]} {[%emt
00:00:07]} hxg5+ {[%clk 00:39:30]} {[%emt 00:00:10]} 41. hxg5 {[%clk 00:37:00]}
{[%emt 00:00:04]} Be5+ {[%clk 00:39:13]} {[%emt 00:00:33]} 42. Rxe5 {[%clk
00:36:49]} {[%emt 00:00:26]} dxe5+ {[%clk 00:39:08]} {[%emt 00:00:19]} 43. Kxe5
{[%clk 00:36:50]} {[%emt 00:00:15]} a6 {[%clk 00:39:10]} {[%emt 00:00:14]} 44.
Kf6 {[%clk 00:36:51]} {[%emt 00:00:12]} Kd6 {[%clk 00:39:14]} {[%emt 00:00:12]}
45. Kxg6 {[%clk 00:37:01]} {[%emt 00:00:04]} Kxd5 {[%clk 00:39:10]} {[%emt
00:00:18]} 46. Kh7 {[%clk 00:37:10]} {[%emt 00:00:07]} Kd4 {[%clk 00:39:08]}
{[%emt 00:00:17]} 47. g6 {[%emt 00:00:21]} Kc3 {[%clk 00:39:09]} {[%emt
00:00:01]} 48. g7 {[%clk 00:37:29]} {[%emt 00:00:04]} Kb2 {[%clk 00:39:07]}
{[%emt 00:00:16]} 49. g8=Q {[%clk 00:37:39]} {[%emt 00:00:06]} Kxa2 {[%clk
00:39:02]} {[%emt 00:00:20]} 50. b4+ {[%clk 00:37:48]} {[%emt 00:00:06]} Ka3
{[%clk 00:38:59]} {[%emt 00:00:17]} 51. Qa8 {[%clk 00:37:59]} {[%emt 00:00:05]}
Kxb4 {[%clk 00:38:58]} {[%emt 00:00:16]} 52. Qxa6 {[%clk 00:38:09]} {[%emt
00:00:05]} Kc5 {[%clk 00:39:00]} {[%emt 00:00:13]} 53. Qe6 {[%clk 00:38:17]}
{[%emt 00:00:06]} Kd4 {[%clk 00:39:01]} {[%emt 00:00:15]} 54. Kg6 {[%clk
00:38:27]} {[%emt 00:00:05]} Kc5 {[%clk 00:38:59]} {[%emt 00:00:17]} 55. Qd7
{[%clk 00:38:37]} {[%emt 00:00:05]} Kc4 {[%emt 00:00:06]} 56. Qd6 {[%clk
00:38:48]} {[%emt 00:00:04]} Kc3 {[%clk 00:39:10]} {[%emt 00:00:13]} 57. Qd5
{[%clk 00:38:52]} {[%emt 00:00:10]} Kb4 {[%clk 00:39:07]} {[%emt 00:00:17]} 58.
Qc6 {[%clk 00:39:02]} {[%emt 00:00:08]} Kb3 {[%clk 00:39:12]} {[%emt 00:00:09]}
59. Qc5 {[%clk 00:39:13]} {[%emt 00:00:05]} Ka4 {[%clk 00:39:18]} {[%emt
00:00:08]} 60. Qb6 {[%clk 00:39:23]} {[%emt 00:00:04]} Ka3 {[%clk 00:39:26]}
{[%emt 00:00:07]} 61. Qb5 {[%clk 00:39:36]} {[%emt 00:00:48]} Ka2 {[%clk
00:39:44]} {[%emt 00:00:11]} 62. Qb4 {[%clk 00:39:45]} {[%emt 00:00:07]} Ka1
{[%clk 00:39:51]} {[%emt 00:00:08]} 63. Kf5 {[%clk 00:39:56]} {[%emt 00:00:04]}
Ka2 {[%clk 00:40:02]} {[%emt 00:00:04]} 64. Ke4 {[%clk 00:40:04]} {[%emt
00:00:06]} Ka1 {[%clk 00:39:58]} {[%emt 00:00:19]} 65. Kd3 {[%clk 00:40:14]}
{[%emt 00:00:05]} Ka2 {[%clk 00:39:57]} {[%emt 00:00:16]} 66. Kc3 {[%clk
00:40:19]} {[%emt 00:00:10]} Ka1 {[%clk 00:40:06]} {[%emt 00:00:06]} 67. Qb2#
{[%clk 00:40:25]} {[%emt 00:00:09]} 1-0

[Event "DEM U8 2025"]
[Site "Willingen GER"]
[Date "2025.06.12"]
[Round "4"]
[White "Gerhardt, Noah"]
[Black "Prasad, Ayush"]
[Result "1/2-1/2"]
[Termination "normal"]
[Board "9"]
[WhiteElo "1205"]
[BlackElo "1067"]
[WhiteClock "00:32:04"]
[BlackClock "00:33:08"]
[PlyCount "80"]
[WhiteFideId "34696083"]
[EventCountry "GER"]
[EventRounds "7"]
[EventType "swiss"]
[EventDate "2025.06.10"]

1. e4 {[%clk 01:00:29]} e5 {[%clk 01:00:22]} {[%emt 00:00:09]} 2. Nf3 {[%clk
01:00:40]} {[%emt 00:00:04]} Nc6 {[%clk 01:00:28]} {[%emt 00:00:09]} 3. Bc4
{[%clk 01:00:47]} {[%emt 00:00:08]} Bc5 {[%clk 01:00:36]} {[%emt 00:00:08]} 4.
c3 {[%clk 01:00:56]} {[%emt 00:00:04]} Nf6 {[%clk 01:00:43]} {[%emt 00:00:08]}
5. d4 {[%clk 01:01:01]} {[%emt 00:00:10]} exd4 {[%clk 01:00:53]} {[%emt
00:00:06]} 6. cxd4 {[%clk 01:01:10]} {[%emt 00:00:05]} Bb4+ {[%clk 01:00:50]}
{[%emt 00:00:19]} 7. Bd2 {[%clk 01:01:15]} {[%emt 00:00:08]} Nxe4 {[%clk
00:59:33]} {[%emt 00:01:33]} 8. Bxb4 {[%clk 01:01:15]} {[%emt 00:00:16]} Nxb4
{[%clk 00:59:34]} {[%emt 00:00:14]} 9. Bxf7+ {[%clk 01:01:23]} {[%emt
00:00:07]} Kxf7 {[%clk 00:59:24]} {[%emt 00:00:24]} 10. Qb3+ {[%clk 01:01:29]}
{[%emt 00:00:09]} d5 {[%clk 00:59:30]} {[%emt 00:00:10]} 11. Qxb4 {[%clk
01:01:39]} {[%emt 00:00:05]} Rf8 {[%clk 00:59:29]} {[%emt 00:00:15]} 12. O-O
{[%clk 01:00:42]} {[%emt 00:01:13]} Kg8 {[%clk 00:59:32]} {[%emt 00:00:12]} 13.
Nc3 {[%clk 00:59:47]} {[%emt 00:01:09]} a5 {[%clk 00:58:50]} {[%emt 00:00:58]}
14. Qb3 {[%clk 00:59:19]} {[%emt 00:00:42]} Nf6 {[%clk 00:58:02]} {[%emt
00:01:04]} 15. Rfe1 {[%clk 00:58:50]} {[%emt 00:00:43]} Bg4 {[%clk 00:57:32]}
{[%emt 00:00:39]} 16. Ne5 {[%clk 00:58:29]} {[%emt 00:00:44]} Qd6 {[%clk
00:56:56]} {[%emt 00:00:39]} 17. Qxb7 {[%clk 00:57:08]} {[%emt 00:01:47]} Rab8
{[%clk 00:56:21]} {[%emt 00:00:50]} 18. Qa7 {[%clk 00:55:11]} {[%emt 00:02:10]}
Rxb2 {[%clk 00:55:00]} {[%emt 00:01:38]} 19. Qxa5 {[%clk 00:54:57]} {[%emt
00:00:29]} c6 {[%clk 00:51:58]} {[%emt 00:03:17]} 20. Rab1 {[%clk 00:52:49]}
{[%emt 00:02:21]} Rd2 {[%clk 00:51:48]} {[%emt 00:00:27]} 21. Nxd5 {[%clk
00:52:20]} {[%emt 00:00:45]} Rxd4 {[%clk 00:49:43]} {[%emt 00:02:19]} 22. Nxf6+
{[%clk 00:51:09]} {[%emt 00:01:26]} Qxf6 {[%clk 00:49:40]} {[%emt 00:00:18]}
23. Nxg4 {[%clk 00:50:11]} {[%emt 00:01:13]} Rxg4 {[%clk 00:48:48]} {[%emt
00:01:07]} 24. Rf1 {[%clk 00:50:08]} {[%emt 00:00:18]} Qg6 {[%clk 00:48:02]}
{[%emt 00:01:01]} 25. g3 {[%clk 00:49:58]} {[%emt 00:00:24]} Rg5 {[%clk
00:47:11]} {[%emt 00:01:06]} 26. Qc7 {[%clk 00:48:20]} {[%emt 00:01:53]} h5
{[%clk 00:46:04]} {[%emt 00:01:23]} 27. h4 {[%clk 00:47:50]} {[%emt 00:00:45]}
Rg4 {[%clk 00:46:06]} {[%emt 00:00:13]} 28. Kh2 {[%clk 00:46:52]} {[%emt
00:01:13]} Rf7 {[%clk 00:42:28]} {[%emt 00:03:53]} 29. Qb8+ {[%clk 00:45:09]}
{[%emt 00:01:58]} Kh7 {[%clk 00:42:29]} {[%emt 00:00:14]} 30. Qe5 {[%clk
00:44:20]} {[%emt 00:01:03]} Rf5 {[%clk 00:42:04]} {[%emt 00:00:41]} 31. Qc7
{[%clk 00:43:28]} {[%emt 00:01:06]} Qf6 {[%clk 00:39:47]} {[%emt 00:02:31]} 32.
Qb6 {[%clk 00:42:21]} {[%emt 00:01:23]} Qe5 {[%clk 00:38:02]} {[%emt 00:02:01]}
33. Qd8 {[%clk 00:40:48]} {[%emt 00:01:48]} Qe2 {[%clk 00:36:35]} {[%emt
00:01:42]} 34. Qb6 {[%clk 00:38:29]} {[%emt 00:02:33]} Rf6 {[%clk 00:35:22]}
{[%emt 00:01:29]} 35. a3 {[%clk 00:37:22]} {[%emt 00:01:22]} Qe5 {[%clk
00:35:02]} {[%emt 00:00:31]} 36. Rbe1 {[%clk 00:35:39]} {[%emt 00:02:01]} Rxh4+
{[%emt 00:02:15]} 37. Kg1 {[%clk 00:34:23]} {[%emt 00:00:32]} Qd5 {[%clk
00:33:12]} {[%emt 00:01:04]} 38. Qb1+ {[%clk 00:32:12]} {[%emt 00:02:26]} Kh6
{[%clk 00:33:05]} {[%emt 00:00:23]} 39. Qc1+ {[%clk 00:32:13]} {[%emt
00:00:13]} Kh7 {[%clk 00:33:10]} {[%emt 00:00:10]} 40. Qc2+ {[%clk 00:32:04]}
{[%emt 00:00:24]} Kg8 {[%clk 00:33:08]} {[%emt 00:00:18]} 1/2-1/2